00325nam a2200109Ia 4500008004100000041000800041100002000049245007400069260003100143300000800174700003300182250110s9999 xx 000 0 und d aeng aPakhare Snehal. aEnergy Retrofit Of Historical Public Buildings : A Case Study In Rome bBNCA M Arch EA, Punec2019 a64p aGuide Name:Dhamankar Namrata